000 00662nam a2200181 i 4500
001 96053
003 ES-MaACL
005 20251015164503.0
007 t|
008 050609s1928 sp ||||1| spa d
100 1 _aMachiavelli, Niccolò,
_d1469-1527
_975181
245 1 0 _aBreviario de un hombre de Estado
_b: instruccional a un embajador y algunas obras inéditas hasta el día /
_cNicolás Maquiavelo; traducción de E. Barriobero y Herrán.
260 _aMadrid :
_bEditorial del Norte,
_c1928.
300 _a192 p. ;
_c19 cm.
700 1 _aBarriobero y Herrán, Eduardo,
_d1875-1939
_926012
852 _aES-MaACL
_jB-24
999 _c96053
_d96053